| 000 | 01406cam a2200361 i 4500 | ||
|---|---|---|---|
| 001 | 43954 | ||
| 003 | Mx-PuUPA | ||
| 005 | 20251108094227.0 | ||
| 008 | 140415s1990 mx a gr 001 0 spa d | ||
| 020 | _a9682437873 | ||
| 040 |
_aMX-PuUPA _bspa _erda _cMx-PuUPA _dMx-PuUPA |
||
| 041 | 0 | _aspa | |
| 100 | 1 |
_aBerlijn, J. D., _q(Johan D.) _917685 |
|
| 245 | 1 | 0 |
_aBovinos de carne / _ccon la colaboración de F. R. Kirchner Salinas [y otros cuatro] ; redacción y revisión de Johan D. Berlin, F. Orozco Luna [y otro] |
| 250 | _aSegunda edición | ||
| 264 | 1 |
_aMéxico, D.F. : _bEditorial Trillas, _c1990 |
|
| 300 |
_a101 páginas : _bilustraciones ; _c23 cm |
||
| 336 |
_2rdacontent _atexto _btxt |
||
| 336 |
_2rdacontent _aimagen fija _bsti |
||
| 337 |
_2rdamedia _asin medio _bn |
||
| 338 |
_2rdacarrier _avolumen _bnc |
||
| 490 | 0 |
_aManuales para educación agropecuaria ; _v6 |
|
| 490 | 0 | _aProducción animal | |
| 500 | _aReimpresiones: (1991) ; (1993) ; (1997) ; (1998) ; (2000) ; (séptima, septiembre 2001). | ||
| 500 | _a"Basado en el trabajo de; Ir. Johan H. Koeslang, Mtra. F. Orozco Luna". -- Contrapordada | ||
| 650 | 7 |
_2armarc _aGanado vacuno _xCría |
|
| 650 | 7 |
_2armarc _aGanado de carne |
|
| 700 | 1 |
_aSalinas, F. R. Kirchner, _ecolaborador |
|
| 700 | 1 |
_aOrozco Luna, F., _eredactor |
|
| 942 |
_h636.2 _iB48 _cLI _2ddc |
||
| 999 |
_c43954 _d43954 |
||